Selected readings for a course in computer based management information systems (Record no. 80392)
[ view plain ]
| 000 -LEADER | |
|---|---|
| fixed length control field | 00695nam a2200145 a 4500 |
| 008 - FIXED-LENGTH DATA ELEMENTS--GENERAL INFORMATION | |
| fixed length control field | 120416s1983 ||||||||||||||||| || u |
| 050 ## - LIBRARY OF CONGRESS CALL NUMBER | |
| Classification number | T 58.6 Bar |
| 100 ## - MAIN ENTRY--PERSONAL NAME | |
| Personal name | Bartenstein, Edwin |
| 245 10 - TITLE STATEMENT | |
| Title | Selected readings for a course in computer based management information systems |
| 260 ## - PUBLICATION, DISTRIBUTION, ETC. | |
| Place of publication, distribution, etc. | Northridge, [Cal.] |
| Name of publisher, distributor, etc. | California State University |
| Date of publication, distribution, etc. | 1983 |
| 300 ## - PHYSICAL DESCRIPTION | |
| Extent | vii, 322p. : ill. |
| 350 ## - | |
| -- | 0.00 |
| 995 ## - | |
| -- | BINDERY (DAMAGED) |
| -- | 0.00 |
| -- | 707313 |
| -- | CBU-MAIN LIBRARY (Kitwe) |
| -- | 2 |
| -- | 0.00 |
| -- | T 58.6 Bar |
| -- | 2 |
| -- | DAMAGED |
| -- | 707313 |
| -- | Main Library Open Access Collection |
| 995 ## - | |
| -- | BINDERY (DAMAGED) |
| -- | 0.00 |
| -- | 707312 |
| -- | CBU-MAIN LIBRARY (Kitwe) |
| -- | 1 |
| -- | 0.00 |
| -- | T 58.6 Bar |
| -- | 1 |
| -- | DAMAGED |
| -- | 707312 |
| -- | Main Library Open Access Collection |
| 999 ## - | |
| -- | 80392 |
| -- | 80392 |
| Withdrawn status | Lost status | Source of classification or shelving scheme | Damaged status | Not for loan | Permanent Location | Current Location | Shelving location | Date acquired | Total Checkouts | Full call number | Barcode | Date last seen | Copy number | Price effective from | Koha item type |
|---|---|---|---|---|---|---|---|---|---|---|---|---|---|---|---|
| CBU-MAIN LIBRARY, KITWE. | CBU-MAIN LIBRARY, KITWE. | 06/29/2023 | T 58.6 Bar | 707313 | 06/29/2023 | 1 | 06/29/2023 | MONOGRAPH | |||||||
| CBU-MAIN LIBRARY, KITWE. | CBU-MAIN LIBRARY, KITWE. | 06/29/2023 | T 58.6 Bar | 707312 | 06/29/2023 | 2 | 06/29/2023 | MONOGRAPH |